| 000 | 00630nam a2200229 a 4500 | ||
|---|---|---|---|
| 003 | AR-BaBNM | ||
| 005 | 20251128205054.0 | ||
| 008 | 082120s2002 ||||||||||||||000 | spa|| | ||
| 020 | _a950-582-237-6 | ||
| 040 | _cAR-BaBNM | ||
| 100 | 1 | _aSchmucler, Natalio Isaías | |
| 245 | 0 | 0 | _aLa escuela de mi tiempo |
| 260 |
_aBuenos Aires _bHumanitas _c1988 |
||
| 300 |
_a141 p. _bil. |
||
| 490 | 0 | _aEducación hoy mañana | |
| 650 | 4 | _aSOCIOLOGIA DE LA EDUCACION | |
| 650 | 4 | _aFINALIDADES DE LA EDUCACION | |
| 650 | 4 | _aFILOSOFIA DE LA EDUCACION | |
| 800 | 1 |
_aSierra de Villaverde, Sela _edirector |
|
| 942 | _cBK | ||
| 998 | _cSILVI | ||
| 999 |
_c9870 _d9870 |
||